[Event "Singapore Masters 2nd"]
[Site "Singapore"]
[Date "2005.12.29"]
[Round "7"]
[White "Zhang, Zhong"]
[Black "Mikhalevski, Victor"]
[Result "1/2-1/2"]
[WhiteElo "2598"]
[BlackElo "2554"]
[Annotator "Mikhalevski,V"]
[PlyCount "61"]
[EventDate "2005.12.26"]
[EventType "swiss"]
[EventRounds "9"]
[EventCountry "SIN"]
[SourceTitle "CBM 111"]
[Source "ChessBase"]
[SourceDate "2006.04.04"]
[SourceVersion "1"]
[SourceVersionDate "2006.04.04"]
[SourceQuality "1"]

1. e4 e5 2. Nf3 Nc6 3. Bb5 a6 4. Bxc6 {Usually Zhang Zhong plays 4.Ba4, but
this time he probably decided to avoid my favourite Open variation of the Ruy
Lopez.} dxc6 5. O-O f6 {I also prepared a surprise. Earlier I played other
setups.} 6. d4 exd4 7. Nxd4 c5 8. Ne2 Qxd1 9. Rxd1 {Here I was already out of
theory, but as you can see I still managed to follow it for another eight
moves.} Bd7 {[%cal Ge8c8] This obvious move didn't take much time as I knew
this manoeuvre from the 5...Qd6-line. In fact this is the only way to castle
longside.} 10. Nbc3 O-O-O 11. Be3 {[%cal Gd1d2,Ga1d1] White has been preparing
doubling of rooks along the d-file, so moving my pieces away from the d-file
looked very logical.} Re8 12. Rd2 Bc6 13. Rad1 {Now in order to develop the
knight Black has to start with the bishop, at least that's the way I thought
and played} Bd6 {[%csl Rc5][%cal Gg8e7]} ({The main alternative is} 13... b6 {
avoiding an exchange of the dark-squared bishops.} 14. f3 Ne7 15. Nf4 Ng6 16.
Nh5 {[%csl Rg7]} Ne5 {[%cal Ge5c4]} 17. b3 c4 18. Nd5 Kb7 19. Kf2 a5 20. g4 Rg8
21. Rg1 $146 Rd8 22. Nhf4 Bd6 23. h4 Rd7 24. h5 cxb3 25. cxb3 Nf7 26. Rgd1 $14
{Vescovi,G-Milos,G, Sao Paolo zt 2.4(1) 2001/ CBM82 ext[Melao,H].}) ({
Certainly the e4-pawn is poisoned.} 13... Bxe4 $4 14. Nxe4 Rxe4 15. Rd8#) 14.
Bf4 $1 {The most logical. White exchanges one of the bishops and enjoys an
extra pawn on the kingside.} Bxf4 (14... Bxe4 $6 {looks dubious.} 15. Bxd6 cxd6
16. Nxe4 Rxe4 17. Ng3 {[%cal Gg3f5]} Ra4 18. Rxd6 (18. Nf5 $5 Nh6 19. Nxh6 gxh6
20. a3 $14 {[%csl Rd6] and Black remains with a damaged pawn structure.}) 18...
Nh6 19. a3 $14 {and White has both better pieces and a better pawn structure.})
15. Nxf4 Nh6 {[%cal Gf6f5,Gh6f7,Gf7d6,Gd6c4] With the idea of f5.} ({Now} 15...
Ne7 $2 {[%csl Re6] is bad in view of} 16. Ne6 {[%csl Rc5,Rg7]}) 16. Nh5 $1 {
[%csl Rf6,Rg7] Usually this is a good position for a knight when your
opponent's pawns are on g7 and f6 since it's difficult to move them.} Rhg8 17.
f3 {White allows f5 and Black gets some fresh air.} (17. Ng3 $5 {[%csl Rf5]
Preventing f5 deserved serious attention.} Nf7 18. f3 (18. Nd5 Bxd5 $5 {
A concrete approach.} (18... Nd6 $5 {[%csl Re4][%cal Gd6c4]}) 19. Rxd5 Nd6 {
[%csl Re4]} 20. f3 Nc4 {[%csl Rb2,Rd1,Rd5][%cal Gc4e3,Gc4b2]} 21. Rb1 (21. Rxc5
Nxb2 22. Rd4 g6 $1 $11 {[%csl Rg3][%cal Ge8d8]}) 21... b6 22. Kf2 g6 23. Nf1
Re6 (23... Rd8 $5) 24. g4 Rge8 $11 {1/2-1/2 Oral,T-Klovans,J/Czech Rep CZE
2005/The Week in Chess 548 (37). (37)}) 18... Nd6 {[%csl Rb2,Rd2][%cal Gd6c4]}
19. b3 a5 (19... b6 20. Nd5 {[%csl Rd6][%cal Gd5b6,Gd5c7]} (20. Kf2 a5 21. Nd5
Bxd5 22. Rxd5 c4 {1/2-1/2 Skripchenko,A-Stefanova,A/Wijk aan Zee 2002/CBM 087 
(22)} {I believe White could continue with} 23. Nf1 $14 {[%cal Gf1e3]}) 20...
Nb5 21. Ne2 $1 {[%csl Rd4]} f5 $6 {[%csl Re2] Looks premature.} 22. c4 $1 (22.
exf5 $2 Bxd5 {[%csl Re2]}) 22... Nd6 23. Nxc7 $1 (23. Nxb6+ Kb7 {[%csl Rb6]
[%cal Gf5e4]}) 23... Kxc7 24. Rxd6 fxe4 25. Nf4 $1 {[%cal Gf4e6,Ge6d8] and
suddenly Black starts to experience serious problems.} exf3 26. Ne6+ Kb7 27.
Nd8+ Rxd8 28. Rxd8 Rxd8 29. Rxd8 fxg2 30. Rg8 $18 {1-0 Balogh,C-Pilgaard,K/
Budapest 2002/EXT 2003 (55)}) (19... g6 $5 {[%csl Rg3] Restricting White's
knight deserved attention.}) 20. Nd5 {[%csl Rd6][%cal Gd5c7]} Nb5 21. c4 Bxd5 (
21... Nd4 $5) 22. cxd5 Nd6 $14 {1/2-1/2 Baklan,V-Stefanova,A/Andorra 2001/CBM
083 ext (34). (33) and White was slightly better thanks to a better pawn
structure.}) 17... f5 $1 {An obvious novelty. Exchange of a central pawn is in
Black's favour as it gives more room for the bishop. Now Black obtains
counterplay.} ({In the only preceding game Black hasn't succeeded to equalize
after} 17... b6 18. Ng3 Nf7 19. Nd5 Bxd5 20. Rxd5 $14 {1-0 Deviatkin,A-Payen,A/
St Petersburg RUS 2005/The Week in Chess 559 (40) and White is better thanks
to the better pawn structure.}) 18. Ng3 $1 Rgf8 $1 {Keeping the tension.} ({
I believe White's idea behind 17.f3 was} 18... fxe4 19. Ngxe4 {[%csl Rh7][%cal
Ge4c5,Ge4g5]} b6 20. Ng5 {[%csl Rh7]} Nf5 (20... Rh8 $5) 21. Nxh7 Ne3 {[%csl
Rb2,Rd1,Rd2][%cal Ge3c4]} 22. Rb1 Nc4 23. Rd3 Rd8 $1 24. Ng5 Rxd3 25. cxd3 Ne5
26. Rd1 Rd8 27. Ne6 Rxd3 28. Nxg7 $16 {and White obtains three passed pawns on
the kingside.}) 19. exf5 Nxf5 20. Nxf5 Rxf5 21. Re2 $1 {White has to starts
advancing his kingside pawns, which is easier with only one rook.} Rxe2 22.
Nxe2 b5 $5 {At the same time Black has to create counterplay on the queenside.}
23. Kf2 b4 $5 {[%csl Ra2] Fixing the weakness on a2.} ({During the game I
though tha exchange of rooks by means of} 23... Rd5 24. Rxd5 Bxd5 {is
favourable for White, but now I'm not so sure.}) 24. Ng3 Re5 $1 {[%cal Gc5c4,
Ge5a5] The rook has to stay on the 5th rank in order to attack the a-pawn from
a5.} 25. Re1 (25. c4 $1 {Preventing Black's c4 looks like a better chance,
which prevents counterplay.} bxc3 26. bxc3 c4 {[%cal Ge5a5]} 27. Rd2 $14) 25...
Rd5 $1 26. Ne4 c4 {[%cal Gd5a5] Preparing Ra5.} 27. Ke3 ({In case of} 27. a3
Rb5 $1 {[%cal Gc4c3] looks strong.}) 27... Ra5 {[%csl Ra2]} 28. Ra1 c3 $1 {
Placing pawns on the dark squares.} 29. b3 ({My idea was to meet} 29. bxc3 {
with} Ra3 $1 {[%csl Rc3][%cal Gc6e4]} 30. Kd2 Bxe4 31. fxe4 Rxc3 32. Rf1 $1 {
[%cal Gf1f7]} Ra3 {with an approximately equal position.}) 29... Rd5 {I've
decided to play safer. Now Black's idea is to move the rook back along the
d-file, then Bxe4 and eventually Rd2. However White also has its targets.} ({
An interesting position arises after} 29... Bxe4 30. fxe4 (30. Kxe4) 30... Ra3
{Preventing a4. Although it seems that draw is the most likely outcome anyway.}
(30... Kd7 31. a4 $1) 31. Kd3 Kd7 32. Rf1 Ke7 33. Rf5 Rxa2 34. Rc5 Kd6 35. Rd5+
Kc6 36. Rg5 g6 37. h4 $11 {[%cal Gh4h5]}) 30. a3 $1 {White creates a weakness
on b4.} a5 31. axb4 {Here Zhang Zhong offered a draw, which I accepted because
I saw the idea of Nf2-d3 and didn't like it.} (31. axb4 {Here is a possible
follow-up.} axb4 32. g4 Kb7 {[%cal Gb7b6]} (32... Rd8 33. Nc5 $5 ({or} 33. h4
Bxe4 34. Kxe4 Rd2 35. Ra4 c5 36. Ra5 Rxc2 37. Rxc5+ Kd7 38. Kd3 Rf2 39. Kc4
Rxf3 40. Kxb4 Rg3 41. g5 Rh3 42. Rxc3 $11) 33... Rd2 34. Nd3 {[%csl Rb4][%cal
Gd3b4] This is the line I didn't like.}) 33. Nf2 Rd2 34. Nd3 Bb5 35. Nxb4 c5
36. Nd3 Bxd3 37. cxd3 Rxh2 38. Rc1 c2 39. d4 cxd4+ 40. Kxd4 $11) 1/2-1/2

[Event "POL-ch 62nd"]
[Site "Poznan"]
[Date "2005.04.29"]
[Round "8"]
[White "Socko, Bartosz"]
[Black "Warakomski, Tomasz"]
[Result "1-0"]
[WhiteElo "2583"]
[BlackElo "2384"]
[Annotator "Mueller,Karsten"]
[PlyCount "123"]
[EventDate "2005.04.21"]
[EventType "tourn"]
[EventRounds "13"]
[EventCountry "POL"]
[EventCategory "12"]
[SourceTitle "CBM 107"]
[Source "ChessBase"]
[SourceDate "2005.08.01"]
[SourceVersion "1"]
[SourceVersionDate "2005.08.01"]
[SourceQuality "1"]

1. e4 e5 2. Nf3 Nc6 3. Bb5 a6 4. Bxc6 dxc6 5. O-O f6 6. d4 Bg4 7. c3 Ne7 8. Be3
Ng6 9. Nbd2 Bd6 10. h3 Be6 11. dxe5 fxe5 12. Ng5 Bg8 13. Qh5 Qf6 14. Ngf3 Bf7
15. Ng5 Bg8 16. Rfe1 h6 17. Ngf3 O-O-O 18. Qf5+ Be6 19. Qxf6 gxf6 20. b4 Bf8
21. a4 h5 22. h4 Rd3 23. Rac1 Bh6 24. Bxh6 Rxh6 25. Nf1 Bg4 26. N3h2 Nxh4 27.
Nxg4 hxg4 28. Red1 Rxd1 29. Rxd1 Rg6 30. Kh2 Rg5 31. Ne3 Ng6 32. Nf5 b6 33. g3
Rxf5 34. exf5 Ne7 35. Rd3 Nxf5 36. f3 Nh6 37. Kg2 gxf3+ 38. Kxf3 Nf7 $6 (38...
f5 $5) 39. Kg4 e4 40. Rd1 Nd6 41. Kf4 f5 42. Ke5 Kb7 43. Kd4 b5 44. a5 Kc8 45.
Rh1 Kb7 46. Rh8 Nc4 47. Re8 {Nun wird die Festung per Zugzwang Mauerabschnitt
um Mauerabschnitt genommen:} Nd6 (47... Ka7 48. Rh8 Kb7 49. Rh5 Nd6 50. Ke3
Nc4+ 51. Kf4 Nd6 52. Rh8 Ka7 53. Rh7 Kb7 54. Re7 Kc8 55. Re5 Kd7 56. Rc5 Kc8
57. Rxc6) 48. Re7 Kc8 (48... f4 49. g4 f3 50. Ke3 Kc8 51. Kf2 Kd8 52. Rh7 $18)
(48... Nc4 49. Re6 Nd6 50. Re5 $18) 49. Re5 Kd7 (49... Kd8 50. Rc5 Kd7 51. Ke3
Nc4+ 52. Ke2 Nd6 53. Kf2 $22 $18) 50. Rc5 $22 Kc8 51. Rxc6 Kb7 52. Rc5 Kb8 53.
Re5 Kb7 54. Kd5 Kc8 55. Kc6 Kd8 56. Re6 Nc4 57. g4 fxg4 58. Rxe4 g3 59. Re2 Nd6
60. Rg2 Ne4 61. Kb7 c5 (61... Kd7 62. Kxa6 Kc6 63. Rg1 $22 $18) 62. Kxa6 1-0

[Event "Carlos Torre Wimbledon 18th"]
[Site "Merida"]
[Date "2005.12.19"]
[Round "1.1"]
[White "Rohl Montes, Juan Armando"]
[Black "Bruzon Batista, Lazaro"]
[Result "0-1"]
[WhiteElo "2405"]
[BlackElo "2677"]
[Annotator "Postny,E"]
[PlyCount "109"]
[EventDate "2005.12.19"]
[EventType "k.o."]
[EventRounds "4"]
[EventCountry "MEX"]
[SourceTitle "CBM 111"]
[Source "ChessBase"]
[SourceDate "2006.04.04"]
[SourceVersion "1"]
[SourceVersionDate "2006.04.04"]
[SourceQuality "1"]

1. e4 e5 2. Nf3 Nc6 3. Bb5 a6 4. Bxc6 dxc6 5. O-O f6 6. d4 exd4 7. Nxd4 c5 8.
Ne2 ({The previous main line} 8. Nb3 {is completely out of fashion nowadays.})
8... Qxd1 9. Rxd1 Bd7 10. Nbc3 O-O-O {A standard position for the exchange
variation of the Ruy Lopez. White's pawn majority on the kingside is
compensated by black's pair of bishops.} 11. Bf4 Ne7 12. Rd2 Ng6 13. Bg3 Ne5 {
[%cal Ge5c4]} 14. Bxe5 {This exchange is practically forced.} (14. b3 $6 c4 $15
) 14... fxe5 15. Rad1 c4 $1 {Opening the diagonal for the dark-squared bishop.}
16. Ng3 $146 (16. Kf1 Bc5 17. Ng1 Bg4 18. Rxd8+ Rxd8 19. Rxd8+ Kxd8 20. Nce2
Ke7 21. Ke1 b5 22. c3 Kf6 $11 {1/2-1/2 Fischer,R (2785)-Spassky,B (2560)/
Belgrade 1992/CBM 031 (46)}) 16... b5 17. Nd5 Bc5 18. b4 $1 {White must play
actively, otherwise, his position will gradually detertiorate.} cxb3 19. cxb3 {
After this pawn exchange white's only positional trump, namely his better pawn
structure is nullified, but black's two bishops remain. On the other hand, the
"c" file has been opened and this gives white some concrete counterplay.} c6 (
19... Be6 20. Rc2 Bd6 21. Rdc1 c5 22. Nf5 Bxf5 23. exf5 $13) 20. Rc2 Ba7 21.
Nb4 {[%csl Rc6]} Kb7 22. Rdc1 {[%csl Rc6]} Rhf8 {[%csl Rf2]} 23. Nd3 {[%csl
Re5]} Bd4 24. Nc5+ Ka7 25. Nxd7 Rxd7 26. Nf5 Bb6 27. g3 $6 {It looks like it
was possible to take on c6 as the following variation demonstrates.} (27. Rxc6
g6 28. Ne3 Rd2 29. Nd5 (29. Re6 Rdxf2 30. Re7+ Kb8 31. Re8+ Rxe8 32. Kxf2 Rd8
33. Ke2 Rd4 34. Nd5 Ba5 $17 {[%cal Gd4d2,Gd4e4]}) 29... Bxf2+ (29... Rfxf2 30.
Rxb6 Rxg2+ 31. Kf1 Rgf2+ $11) 30. Kh1 Rxa2 (30... Re2 31. Rc7+ Kb8 32. Rxh7 Be1
33. Kg1 $11) 31. Rc7+ Kb8 32. Rxh7 Rc8 33. Rxc8+ Kxc8 34. g4 $11) 27... g6 28.
Ne3 Rdf7 29. Kg2 Bd4 30. b4 h5 $6 {This allows white to equalize.} (30... Kb7
31. Nd1 Rf6 $15) 31. Nd1 {[%csl Rc6]} Kb7 32. Rxc6 Bxf2 33. Nxf2 (33. Rxg6 Bd4
34. Rh6 Rf1 35. Rh7+ Kb8 36. Rxh5 Rg1+ 37. Kh3 Rff1 38. Rh8+ Kb7 39. Rh7+ {
with a perpetual check.}) 33... Rxf2+ 34. Kg1 Rxa2 35. Rxg6 $2 {Surpisingly,
after this obvious capture white does not have a clear way to draw.} (35. Rc7+
Kb8 36. Rg7 Rc8 37. Rxc8+ Kxc8 38. Rxg6 Ra4 39. Kg2 Kb7 40. Rg7+ Kc6 41. Rg6+
Kd7 42. Kf3 $11) 35... Rf7 $1 36. Rg5 (36. Rf1 Rc7 $1) (36. Rcc6 Rd7 37. Rb6+
Ka7 38. Rbd6 Rxd6 39. Rxd6 Ra4 40. Rd7+ Kb6 41. Rd6+ Kc7 42. Re6 Rxb4 43. Rxa6
Rxe4 44. Kf2 b4 $19 {[%csl Gb4]}) 36... Rb2 37. Rxh5 Rxb4 38. Rxe5 a5 {[%csl
Ga5,Gb5] In the forthcoming pawn race black has a couple of extra tempoes.
White's extra pawn has no significance at all.} 39. Re6 Rc7 40. Rxc7+ Kxc7 41.
Ra6 Ra4 42. e5 Kb7 43. Rd6 Re4 44. e6 a4 45. Kf2 a3 46. Rd3 b4 47. e7 a2 (47...
Rxe7 48. Rd4 a2 49. Rxb4+ Ka8 $1 {is just a transposition.}) 48. Rd4 Rxe7 49.
Rxb4+ Ka8 $1 50. Ra4+ Ra7 51. Rxa2 Rxa2+ 52. Kf3 Rxh2 53. g4 Kb7 54. Kf4 Kc7
55. Ke4 0-1

[Event "La Roche sur Yon"]
[Site "La Roche sur Yon"]
[Date "2006.03.16"]
[Round "2"]
[White "Maze, Sebastien"]
[Black "Sasikiran, Krishnan"]
[Result "1/2-1/2"]
[WhiteElo "2518"]
[BlackElo "2670"]
[Annotator "Postny,E"]
[PlyCount "95"]
[EventDate "2006.03.15"]
[EventType "tourn"]
[EventRounds "9"]
[EventCountry "FRA"]
[EventCategory "12"]
[SourceTitle "CBM 112"]
[Source "ChessBase"]
[SourceDate "2006.06.07"]
[SourceVersion "1"]
[SourceVersionDate "2006.06.07"]
[SourceQuality "1"]

1. e4 e5 2. Nf3 Nc6 3. Bb5 a6 4. Bxc6 dxc6 5. O-O f6 6. d4 exd4 ({Another
theoretical line is} 6... Bg4) 7. Nxd4 c5 8. Ne2 {The knight is heading to the
key d5 square.} (8. Nb3 {was the main line some years ago, but finally the
white players realized that the knight is frequently misplaced on b3.}) 8...
Qxd1 9. Rxd1 Bd7 10. Nbc3 O-O-O 11. Be3 (11. Bf4 {is quite logical as well,
but Maze wants to keep the f4 square for the knight transfer.}) 11... Re8 12.
Rd2 Bc6 13. Rad1 b6 14. f3 Ne7 15. Nf4 Ng6 16. Nh5 {Preventing the smooth
development of black's queenside pieces.} (16. Nxg6 hxg6 17. Bf4 Be7 18. Nd5
Bd8 19. Bg3 g5 20. Ne3 g6 21. Bf2 Rh7 $1 22. g4 Rd7 $11 {0-1 Balogh,C (2527)
-Bacrot,E (2718)/Bastia 2004/EXT 2005 (70)}) (16. Ncd5 Ne5 17. b3 c4 18. Kf2
Kb7 19. g4 a5 20. h4 Ba3 21. Nh5 Rhg8 22. Bd4 Bxd5 23. exd5 Re7 24. Re2 Rge8
25. Bxe5 cxb3 26. axb3 Bc5+ 27. Kf1 fxe5 28. Ng3 $14 {[%csl Ge4][%cal Gg3e4] 1/
2-1/2 Vescovi,G (2615)-Onischuk,A (2647)/Poikovsky 2003/CBM 095 (53)}) 16...
Ne5 {[%cal Ge5c4]} 17. b3 c4 $11 {Black exchanges one of his doubled pawns and
gets an equal game.} 18. Nd5 a5 19. Kf2 (19. a4 Kb7 20. Kf2 cxb3 21. cxb3 Nd7
22. g4 Nc5 23. Bxc5 Bxc5+ 24. Kg2 Bf8 25. h4 Re5 26. Rd3 Rg8 27. Ng3 Bc5 28. h5
Rf8 29. Nf4 Be8 30. Nf5 g6 31. hxg6 hxg6 32. Ng3 Bf7 $15 {1-0 Kasimdzhanov,R 
(2652)-Grischuk,A (2719)/Tripoli 2004/CBM 102 (73)}) 19... Kb7 20. g4 Rg8 21.
h3 (21. Nhxf6 $2 gxf6 22. Nxf6 Bb4) (21. Rg1 Rd8 (21... Ba3 $5) 22. Nhf4 Bd6
23. h4 Rd7 24. h5 cxb3 25. cxb3 Nf7 26. Rgd1 Re8 27. h6 $1 {Distracting the
black knight.} Nxh6 28. Nxb6 cxb6 29. Rxd6 Rxd6 30. Rxd6 Nf7 31. Re6 $16 {
1-0 Vescovi,G (2572)-Milos,G (2608)/Sao Paulo 2001/CBM 082 ext [Melao,H] (57)})
21... Ba3 22. Bf4 ({The following game took place in the same tournament
several rounds later:} 22. Bd4 cxb3 23. axb3 Nd7 24. Bc3 Bc5+ 25. Kg2 Ref8 26.
Nhf4 Rf7 27. Ne6 Bd6 28. Ne3 Re8 29. Rxd6 cxd6 30. Rxd6 $44 {1/2-1/2 Maze,
S-Werle,J/La Roche sur Yon 2006/CBM 112_01 (49)}) 22... cxb3 23. cxb3 Ref8 ({
Comes to consideration:} 23... a4) 24. Be3 Rf7 $1 {Black is intending to
protect the Pf6 by Rg8-f8 followed by g7-g6 driving away the white knight from
it's active position.} 25. Ng3 (25. f4 Nd7 $132 {[%csl Re4][%cal Gd7c5]}) 25...
g6 26. f4 Nd7 27. Rc2 Re8 28. Kf3 Bc5 ({Does not work:} 28... f5 $2 29. gxf5
gxf5 30. Nxf5 Bxd5 (30... Rxf5 31. exf5 Nf6 32. Rxc6 $18) 31. Rxd5 Rxe4 32.
Rcd2 Nf6 33. Re5 $16) 29. Bxc5 Nxc5 30. Re2 Rd8 31. Nc3 Rxd1 32. Nxd1 f5 {
It looks like Sasikiran succeeded to outplay his opponent, but the matters
appeares to be far more complicated.} 33. Nf2 fxg4+ (33... Ne6 34. Ke3 fxe4 35.
f5 gxf5 36. Nxf5 {with good compensation for the pawn.}) (33... fxe4+ 34. Ke3
Ne6 35. f5 gxf5 36. Nxf5 {leads to the identical position as after 33...Ne6.})
34. hxg4 Ne6 35. f5 $1 Nd4+ 36. Kf4 Nxe2+ 37. Nxe2 {White's connected passed
pawns in the centre are potentially very strong and might easily overtake
black's extra exchange. Actually, black is fighting for a draw here.} h5 $1 38.
gxh5 (38. g5 Bxe4 $1 (38... h4 $2 39. f6 Rh7 40. e5 Bd7 41. Ke3 h3 42. Nf4 h2
43. e6 Be8 44. Kf3 $18) 39. Nxe4 Rxf5+ 40. Ke3 a4 41. bxa4 Ra5 42. N2c3 Kc6 $15
) {[%tqu "En","What would you suggest for Black?","","","c6e4","This sacrifice
is actually the only way for black to save the game!",15,"g6h5","",0]} 38...
Bxe4 $3 {This sacrifice is actually the only way for black to save the game!} (
38... gxh5 $2 39. e5 {[%csl Ge5,Gf5]}) 39. hxg6 (39. Kxe4 Rxf5 40. Nf4 Rxh5 41.
Nxh5 gxh5 {This endgame is drawish. Black's "h" pawn distracts one of white's
pieces, while black will exchange all white's remaining pawns.}) 39... Rxf5+
40. Kxe4 Rxf2 41. Nf4 Rf1 42. Kf5 Rg1 {A draw is inevitable here. Even if
white will win the rook for his passed pawn, black will always be able to
exchange all white's remaining pawns.} 43. Ne2 (43. Ne6 Rf1+ 44. Ke5 Re1+ 45.
Kf6 Rf1+ 46. Ke7 Rg1 47. g7 Kc6 48. Kf6 {[%cal Ge6g5]} Rxg7 49. Nxg7 Kc5 50.
Ne6+ Kb4 51. Nxc7 Ka3 $11) 43... Rg2 44. Nf4 Rg3 45. Nh5 Rg1 46. g7 Kc6 47. Kf4
Rg6 48. Kf5 1/2-1/2

[Event "Samba Cup 2nd"]
[Site "Skanderborg"]
[Date "2005.10.20"]
[Round "6"]
[White "Nisipeanu, Liviu Dieter"]
[Black "Bruzon Batista, Lazaro"]
[Result "1-0"]
[WhiteElo "2707"]
[BlackElo "2677"]
[Annotator "Postny,E"]
[PlyCount "83"]
[EventDate "2005.10.14"]
[EventType "tourn"]
[EventRounds "9"]
[EventCountry "DEN"]
[EventCategory "16"]
[SourceTitle "CBM 110"]
[Source "ChessBase"]
[SourceDate "2006.01.31"]
[SourceVersion "1"]
[SourceVersionDate "2006.01.31"]
[SourceQuality "1"]

1. e4 e5 2. Nf3 Nc6 3. Bb5 a6 4. Bxc6 dxc6 5. O-O f6 6. d4 Bg4 ({Another solid
theoretical line is} 6... exd4 7. Nxd4 c5) 7. c3 {White supports his centre.} (
{The alternative is:} 7. dxe5 Qxd1 8. Rxd1 fxe5 {. According to theory this
endgame is equal.}) 7... Bd6 8. Be3 Ne7 9. Nbd2 O-O 10. h3 {Nisipeanu refrains
from the obvious check on b3.} (10. Qb3+ Kh8 11. h3 (11. Qxb7 Be6 $1 {[%csl
Rb7]} 12. c4 Rb8 13. Qxa6 Ra8 14. Qb7 Rb8 $11 {is a known repetition.}) 11...
Bh5 12. dxe5 fxe5 13. c4 $1 {[%cal Gc4c5]} b6 14. Qc3 {[%csl Re5]} Bxf3 {
Black has to part with his bishops pair.} 15. Nxf3 $14 {0-1 Volokitin,A (2671)
-Beliavsky,A (2599)/Igualada 2005/CBM 109_01/[Postny,E] (46)}) (10. Qc2 b6 11.
h3 Bh5 12. Nh4 Kh8 13. Nc4 b5 14. Na5 Qe8 15. a3 Rb8 16. b4 Bf7 17. Rad1 Be6
18. Qe2 Qf7 19. Kh1 Rbe8 $11 {1/2-1/2 Fressinet,L (2501)-Grischuk,A (2581)/
Lausanne 2000/CBM 078 (48)}) 10... Bh5 11. Nc4 $146 {[%csl Re5]} (11. Re1 b6
12. Nf1 Bg6 13. dxe5 fxe5 14. Ng3 Qc8 15. Nh4 Bf7 16. Re2 Qe6 17. Rd2 Rfd8 18.
Nhf5 Nxf5 19. exf5 Qf6 20. Ne4 Qxf5 21. Nxd6 Rxd6 22. Rxd6 cxd6 23. Qxd6 $14 {
1-0 Hecht,H-Oechslein,R/Voelklingen 1970/EXT 2001 (68)}) (11. Qb3+ $6 Bf7 12.
Qxb7 $4 exd4 13. cxd4 Qd7 $19 {[%csl Rb7][%cal Rf8b8]}) 11... h6 $6 {Ignoring
the threat. It wasn't necessary at all to sacrifice the pawn.} (11... b5 12.
Na5 Qe8 {was a playable and preferable alternative.}) 12. dxe5 fxe5 13. Ncxe5
Qe8 {Black has certain compensation for the pawn, but white has various
possibilities of sacrificing it back getting better prospects.} 14. Ng4 (14.
Qb3+ Kh7 15. Qxb7 $2 Bxf3 16. Nxf3 Rxf3 17. gxf3 Qg6+ 18. Kh1 Rf8 {with a
devastating attack.}) 14... Ng6 15. Nd4 $1 {[%cal Ce8e4,Gd1h5,Gg4h6]} Kh8 16.
Qc2 (16. Re1 Qxe4 17. Bxh6 Qd5 18. Qd2 Bxg4 19. hxg4 Ne5 20. Nf5 Qxd2 21. Bxd2
Nxg4 22. Nxd6 cxd6 23. f3 Ne5 24. b3 $14) 16... Bxg4 17. hxg4 Qe5 18. g3 Rae8 {
[%csl Re4]} 19. Rae1 Qxe4 20. Qxe4 Rxe4 21. f4 $16 {Black gained the pawn back,
but after the exchange of queens white's advantage becomes very apparent
thanks to the classical pawns majority on the kingside.} Kg8 22. Bf2 Rfe8 23.
Rxe4 Rxe4 24. Kg2 Nf8 25. Rd1 Kf7 26. Kf3 Re7 27. Nf5 Rd7 28. c4 c5 ({It was
possible to exchange rooks by a simple tactical trick:} 28... Bc5 29. Rxd7+
Nxd7 30. Be1 $16 {Probably, this was the least of the evils for black.}) 29.
Be1 $1 Ne6 30. Bc3 Rd8 31. a4 {White is not in a hurry and has time to
strengthen his position to a maximum.} Kf8 32. Rd5 Kf7 33. Ke4 Kf8 34. Be5 Bxe5
35. Rxd8+ Nxd8 36. Kxe5 Nc6+ ({After} 36... Kf7 37. Kd5 Ne6 38. Nh4 $1 Kf6 39.
Nf3 Ke7 40. a5 {white has a winning endgame as well.}) 37. Ke6 Nb4 (37... Na5
38. Ne3 Ke8 39. f5 $18 {[%cal Gf5f6]}) 38. Kd7 Nd3 39. b3 g6 40. Nxh6 c6 41.
Kc7 b5 42. Kxc6 {[%mdl 4096]} (42. Kxc6 bxa4 43. bxa4 Nb2 44. Kxc5 Nxa4+ 45.
Kb4 Nb2 46. c5 Nd3+ 47. Kc4 $18) 1-0